[Event "4NCL9495 2nd Season"]
[Site "Various Venues"]
[Date "1994.10.02"]
[Round "2.4"]
[White "Webb, Richard M"]
[Black "Wallace, Paul Anthony"]
[Result "1/2-1/2"]
[WhiteElo "2320"]
[BlackElo "2230"]
[PlyCount "35"]
[EventDate "1994.10.01"]
[EventType "team-tourn"]
[EventRounds "11"]
[EventCountry "GBR"]
[SourceTitle "BritBase"]
[SourceDate "2020.05.17"]
[SourceVersion "1"]
[SourceVersionDate "2020.05.17"]
[SourceQuality "1"]
[WhiteTeam "Slough"]
[BlackTeam "Na Fianna"]
[WhiteTeamCountry "ENG"]
[BlackTeamCountry "IRL"]

1. e4 e5 2. Nf3 Nc6 3. Bb5 Bc5 4. O-O Nd4 5. Nxd4 Bxd4 6. c3 Bb6 7. d4 c6 8.
Bc4 d6 9. Be3 Nf6 10. dxe5 dxe5 11. Qxd8+ Bxd8 12. f3 Bb6 13. Kf2 Ke7 14. a4
Bxe3+ 15. Kxe3 a5 16. Nd2 Rd8 17. b4 axb4 18. cxb4 1/2-1/2

[Event "4NCL9495 2nd Season"]
[Site "Various Venues"]
[Date "1994.10.02"]
[Round "2.7"]
[White "Connolly, Suzanne"]
[Black "Smith, Andrew Philip"]
[Result "0-1"]
[WhiteElo "2035"]
[BlackElo "2280"]
[PlyCount "66"]
[EventDate "1994.10.01"]
[EventType "team-tourn"]
[EventRounds "11"]
[EventCountry "GBR"]
[SourceTitle "BritBase"]
[SourceDate "2020.05.17"]
[SourceVersion "1"]
[SourceVersionDate "2020.05.17"]
[SourceQuality "1"]
[WhiteTeam "Na Fianna"]
[BlackTeam "Slough"]
[WhiteTeamCountry "IRL"]
[BlackTeamCountry "ENG"]

1. e4 e5 2. Nf3 d6 3. d4 Nd7 4. Bc4 Qf6 5. Nc3 c6 6. O-O h6 7. Be3 Be7 8. Qd2
Bd8 9. Rad1 Bc7 10. Ne1 g5 11. Ne2 Qg6 12. Ng3 Ngf6 13. f3 Nh5 14. Nf5 Nb6 15.
Bb3 Nf4 16. Ng3 Be6 17. dxe5 dxe5 18. Qb4 h5 19. Rf2 h4 20. Ne2 g4 21. Nxf4
exf4 22. Bd4 O-O-O 23. Kf1 g3 24. hxg3 fxg3 25. Rfd2 h3 26. gxh3 Rxh3 27. Ng2
Rh2 28. Qa5 Nc4 29. Qxa7 Nxd2+ 30. Rxd2 Qh5 31. Qa8+ Bb8 32. Bxe6+ fxe6 33. c3
Qxf3+ 0-1

[Event "4NCL9495 2nd Season"]
[Site "Various Venues"]
[Date "1994.10.02"]
[Round "2.8"]
[White "Houska, Jovanka"]
[Black "O'Siochru, Mairead Maura"]
[Result "1-0"]
[WhiteElo "2015"]
[BlackElo "2045"]
[PlyCount "67"]
[EventDate "1994.10.01"]
[EventType "team-tourn"]
[EventRounds "11"]
[EventCountry "GBR"]
[SourceTitle "BritBase 17May2020"]
[SourceDate "2020.05.17"]
[SourceVersionDate "2020.05.17"]
[WhiteTeam "Slough"]
[BlackTeam "Na Fianna"]
[WhiteTeamCountry "ENG"]
[BlackTeamCountry "IRL"]

1. e4 e5 2. Nf3 d6 3. d4 Nf6 4. Nc3 Nbd7 5. Bg5 Be7 6. Be2 O-O 7. O-O c6 8. Re1
b6 9. Qd2 h6 10. Bh4 Bb7 11. Rad1 Qc7 12. Bf1 Rfe8 13. Bg3 Rad8 14. dxe5 dxe5
15. a3 Nh5 16. Bc4 Nxg3 17. hxg3 Nf6 18. Qe2 Bc8 19. Rd3 Rxd3 20. cxd3 Bg4 21.
Rc1 Bc5 22. b4 Bd4 23. Qc2 Bxf3 24. gxf3 Nh5 25. Ne2 Qd7 26. Kg2 Rd8 27. Bb3 c5
28. Nxd4 cxd4 29. Qc7 Nf6 30. Qxe5 Re8 31. Qc7 Re7 32. Qxd7 Rxd7 33. Ba4 Re7
34. Rc4 1-0

[Event "4NCL9495 2nd Season"]
[Site "Various Venues"]
[Date "1994.10.02"]
[Round "2.1"]
[White "Quillan, Gary"]
[Black "Littlewood, Paul E"]
[Result "1/2-1/2"]
[WhiteElo "2305"]
[BlackElo "2445"]
[PlyCount "96"]
[EventDate "1994.10.01"]
[EventType "team-tourn"]
[EventRounds "11"]
[EventCountry "GBR"]
[SourceTitle "BritBase 17May2020"]
[SourceDate "2020.05.17"]
[SourceVersionDate "2020.05.17"]
[WhiteTeam "North West Eagles"]
[BlackTeam "Wood Green"]
[WhiteTeamCountry "ENG"]
[BlackTeamCountry "ENG"]

1. e4 e5 2. Nf3 Nc6 3. Bb5 a6 4. Ba4 Nf6 5. O-O Be7 6. Re1 b5 7. Bb3 d6 8. c3
O-O 9. d4 Bg4 10. d5 Na5 11. Bc2 Qc8 12. h3 Bd7 13. Nbd2 c6 14. dxc6 Qxc6 15.
a4 Rfc8 16. Nf1 b4 17. cxb4 Qxc2 18. Qxc2 Rxc2 19. bxa5 Rc4 20. Ng3 Rxa4 21.
Rxa4 Bxa4 22. Nf5 Bf8 23. Bg5 Ne8 24. Bd2 Bc6 25. Bc3 g6 26. Ng3 Rc8 27. Rc1
Bb7 28. Ne1 Nf6 29. f3 d5 30. Nd3 dxe4 31. fxe4 Nxe4 32. Nxe4 Bxe4 33. Nxe5 Bg7
34. Rd1 f5 35. Rd7 Bxe5 36. Bxe5 Rc2 37. g3 Rc6 38. Rg7+ Kf8 39. Rxh7 Re6 40.
Bc3 Ke8 41. Rg7 Bf3 42. Kf2 Bh5 43. Rb7 Re2+ 44. Kf1 Re6 45. Bd4 Bf3 46. Ra7
Re7 47. Rxe7+ Kxe7 48. Kf2 Bc6 1/2-1/2

[Event "4NCL9495 2nd Season"]
[Site "Various Venues"]
[Date "1994.10.02"]
[Round "2.2"]
[White "Pein, Malcolm"]
[Black "Littlewood, John Eric"]
[Result "1/2-1/2"]
[WhiteElo "2415"]
[BlackElo "2310"]
[PlyCount "55"]
[EventDate "1994.10.01"]
[EventType "team-tourn"]
[EventRounds "11"]
[EventCountry "GBR"]
[SourceTitle "BritBase 17May2020"]
[SourceDate "2020.05.17"]
[SourceVersionDate "2020.05.17"]
[WhiteTeam "Wood Green"]
[BlackTeam "North West Eagles"]
[WhiteTeamCountry "ENG"]
[BlackTeamCountry "ENG"]

1. Nf3 Nf6 2. c4 g6 3. Nc3 Bg7 4. e4 O-O 5. d4 d6 6. Be2 e5 7. O-O exd4 8. Nxd4
Re8 9. f3 Nh5 10. g4 Nf6 11. Kh1 Nc6 12. Be3 Ne5 13. g5 Nfd7 14. f4 Nc6 15. Bf3
Nf8 16. Qd2 Na5 17. b3 a6 18. Rad1 Bh3 19. Rg1 Bd7 20. Nde2 b5 21. c5 Nb7 22.
cxd6 Nxd6 23. Bd4 Bc6 24. Bxg7 Kxg7 25. Nd5 Bxd5 26. Qxd5 Qe7 27. Nc3 Ne6 28.
Qe5+ 1/2-1/2

[Event "4NCL9495 2nd Season"]
[Site "Various Venues"]
[Date "1994.10.02"]
[Round "2.3"]
[White "Lund, D Brett"]
[Black "Martin, Benjamin"]
[Result "1-0"]
[WhiteElo "2280"]
[BlackElo "2355"]
[PlyCount "81"]
[EventDate "1994.10.01"]
[EventType "team-tourn"]
[EventRounds "11"]
[EventCountry "GBR"]
[SourceTitle "BritBase 17May2020"]
[SourceDate "2020.05.17"]
[SourceVersionDate "2020.05.17"]
[WhiteTeam "North West Eagles"]
[BlackTeam "Wood Green"]
[WhiteTeamCountry "ENG"]
[BlackTeamCountry "ENG"]

1. g3 Nf6 2. Bg2 e5 3. c4 Nc6 4. Nc3 g6 5. e4 Bg7 6. Nge2 d6 7. O-O O-O 8. f4
Nd4 9. Nxd4 exd4 10. Ne2 c6 11. h3 Nd7 12. g4 f5 13. exf5 gxf5 14. g5 Nc5 15.
d3 Be6 16. Qc2 a5 17. b3 Qb6 18. Rb1 Rad8 19. Kh2 Rf7 20. Ng3 d5 21. Re1 dxc4
22. bxc4 Qc7 23. Ba3 Bc8 24. Re2 Ne6 25. Nh5 Qb8 26. Qd2 Qc7 27. Rbe1 Re8 28.
Nxg7 Kxg7 29. Re5 Bd7 30. Kg3 b6 31. Bf3 Kg6 32. h4 h5 33. Qe2 Ng7 34. Rxe8
Bxe8 35. Be7 Qd7 36. Bf6 Rxf6 37. gxf6 Kxf6 38. Qe5+ Kf7 39. Rb1 Qd8 40. Kh3
Kg8 41. Rg1 1-0

[Event "4NCL9495 2nd Season"]
[Site "Various Venues"]
[Date "1994.10.02"]
[Round "2.4"]
[White "Law, Andrew P"]
[Black "Merriman, John"]
[Result "1/2-1/2"]
[WhiteElo "2360"]
[BlackElo "2280"]
[PlyCount "57"]
[EventDate "1994.10.01"]
[EventType "team-tourn"]
[EventRounds "11"]
[EventCountry "GBR"]
[SourceTitle "BritBase 17May2020"]
[SourceDate "2020.05.17"]
[SourceVersionDate "2020.05.17"]
[WhiteTeam "Wood Green"]
[BlackTeam "North West Eagles"]
[WhiteTeamCountry "ENG"]
[BlackTeamCountry "ENG"]

1. d4 e6 2. e4 d5 3. Nd2 Nf6 4. e5 Nfd7 5. f4 c5 6. c3 Nc6 7. Ndf3 Qb6 8. g3
cxd4 9. cxd4 Bb4+ 10. Kf2 f6 11. Kg2 O-O 12. Bd3 Be7 13. h4 a5 14. Bc2 f5 15.
Ne2 Nd8 16. Nc3 Nf7 17. g4 Nh6 18. g5 Nf7 19. Bd3 Re8 20. Na4 Qc6 21. Qb3 Rb8
22. Bb5 Qc7 23. Bd2 b6 24. Rac1 Qa7 25. Rc6 Nc5 26. dxc5 bxc5 27. Nxc5 Bxc5 28.
Rc1 Bb6 29. a4 1/2-1/2

[Event "4NCL9495 2nd Season"]
[Site "Various Venues"]
[Date "1994.10.02"]
[Round "2.5"]
[White "Tebb, David"]
[Black "Sowray, Peter John"]
[Result "1/2-1/2"]
[WhiteElo "2305"]
[BlackElo "2325"]
[PlyCount "49"]
[EventDate "1994.10.01"]
[EventType "team-tourn"]
[EventRounds "11"]
[EventCountry "GBR"]
[SourceTitle "BritBase 17May2020"]
[SourceDate "2020.05.17"]
[SourceVersionDate "2020.05.17"]
[WhiteTeam "North West Eagles"]
[BlackTeam "Wood Green"]
[WhiteTeamCountry "ENG"]
[BlackTeamCountry "ENG"]

1. e4 c5 2. Nc3 Nc6 3. g3 g6 4. Bg2 Bg7 5. f4 d6 6. d3 e6 7. Nf3 Nge7 8. O-O
O-O 9. Be3 Nd4 10. e5 Bd7 11. Ne4 Nef5 12. Bf2 Bc6 13. c3 Nxf3+ 14. Bxf3 dxe5
15. fxe5 Bxe5 16. Bxc5 Re8 17. Qe2 Qc7 18. Bf2 Rad8 19. a4 b6 20. d4 Bg7 21. g4
Bd5 22. Nd2 Ne7 23. Bg3 Qc6 24. Bxd5 Qxd5 25. Qf3 1/2-1/2

[Event "4NCL9495 2nd Season"]
[Site "Various Venues"]
[Date "1994.10.02"]
[Round "2.6"]
[White "Lee, Graham D"]
[Black "House, Glenn L"]
[Result "0-1"]
[WhiteElo "2350"]
[BlackElo "2240"]
[PlyCount "114"]
[EventDate "1994.10.01"]
[EventType "team-tourn"]
[EventRounds "11"]
[EventCountry "GBR"]
[SourceTitle "BritBase 17May2020"]
[SourceDate "2020.05.17"]
[SourceVersionDate "2020.05.17"]
[WhiteTeam "Wood Green"]
[BlackTeam "North West Eagles"]
[WhiteTeamCountry "ENG"]
[BlackTeamCountry "ENG"]

1. e4 c5 2. c3 e6 3. d4 d5 4. e5 Nc6 5. Nf3 Bd7 6. a3 c4 7. Bf4 Nge7 8. h4 h6
9. h5 Nc8 10. g4 Na5 11. Nbd2 Nb6 12. Be2 Qc7 13. g5 O-O-O 14. Be3 Ba4 15. Qc1
hxg5 16. Nxg5 Re8 17. Bg4 Kb8 18. Rg1 Qd7 19. f4 f6 20. Nh3 Qf7 21. Qb1 Nc8 22.
Rg3 Ne7 23. Ng1 Ng8 24. Rh3 Nh6 25. Bf3 Nf5 26. Bf2 Qd7 27. Bg4 Nh6 28. Be2 Be7
29. Ngf3 Bd8 30. Nh4 fxe5 31. fxe5 Bxh4 32. Bxh4 Nf5 33. Bg5 Ref8 34. Bg4 Qf7
35. Rf3 Rxh5 36. Bxh5 Qxh5 37. Be7 Rf7 38. Bd6+ Nxd6 39. exd6 Rxf3 40. Nxf3
Qxf3 41. Qh7 Qg3+ 42. Ke2 Qxd6 43. Qg8+ Kc7 44. Qxg7+ Kb6 45. Rf1 Qh2+ 46. Rf2
Qh5+ 47. Ke3 Bd1 48. Qf6 Qh3+ 49. Kf4 Nc6 50. Kg5 Qh5+ 51. Kf4 Bg4 52. Qg7 Bf5
53. Kg3 Qh3+ 54. Kf4 Qh4+ 55. Kf3 Qe4+ 56. Kg3 Qe3+ 57. Kg2 Be4+ 0-1

[Event "4NCL9495 2nd Season"]
[Site "Various Venues"]
[Date "1994.10.02"]
[Round "2.8"]
[White "Jackson, Sheila"]
[Black "Sheldon, Ruth"]
[Result "1/2-1/2"]
[WhiteElo "2180"]
[BlackElo "2155"]
[PlyCount "47"]
[EventDate "1994.10.01"]
[EventType "team-tourn"]
[EventRounds "11"]
[EventCountry "GBR"]
[SourceTitle "BritBase 17May2020"]
[SourceDate "2020.05.17"]
[SourceVersionDate "2020.05.17"]
[WhiteTeam "Wood Green"]
[BlackTeam "North West Eagles"]
[WhiteTeamCountry "ENG"]
[BlackTeamCountry "ENG"]

1. e4 c5 2. c3 Nf6 3. e5 Nd5 4. d4 cxd4 5. Nf3 e6 6. cxd4 b6 7. a3 d6 8. Bd3
Nd7 9. O-O Qc7 10. Re1 dxe5 11. dxe5 Bb7 12. Bd2 Rd8 13. Nc3 Nc5 14. Bb5+ Bc6
15. Bxc6+ Qxc6 16. Qc2 Nxc3 17. Bxc3 Na4 18. Rac1 Rc8 19. Re3 Bc5 20. Bd4 O-O
21. Bxc5 Qxc5 22. Qxc5 Rxc5 23. Rxc5 Nxc5 24. Kf1 1/2-1/2

[Event "4NCL9495 2nd Season"]
[Site "Various Venues"]
[Date "1994.11.26"]
[Round "3.1"]
[White "Chandler, Murray G"]
[Black "Cobb, James"]
[Result "1-0"]
[WhiteElo "2535"]
[BlackElo "2265"]
[PlyCount "61"]
[EventDate "1994.10.01"]
[EventType "team-tourn"]
[EventRounds "11"]
[EventCountry "GBR"]
[SourceTitle "BritBase"]
[SourceDate "2020.05.17"]
[SourceVersion "1"]
[SourceVersionDate "2020.05.17"]
[SourceQuality "1"]
[WhiteTeam "BCM"]
[BlackTeam "Witney"]
[WhiteTeamCountry "ENG"]
[BlackTeamCountry "ENG"]

1. e4 e5 2. Nf3 Nc6 3. Bc4 Bc5 4. O-O Nf6 5. d3 d6 6. c3 Qe7 7. Nbd2 O-O 8. Bb3
a6 9. Nc4 h6 10. Ne3 Bxe3 11. fxe3 Be6 12. Bc2 Rad8 13. Qe1 Kh7 14. b3 g6 15.
Ba3 Rfe8 16. Rd1 Bc8 17. Rd2 Nb8 18. d4 c5 19. Nxe5 dxe5 20. Bxc5 Qe6 21. d5
Nxd5 22. exd5 Rxd5 23. b4 Rxd2 24. Qxd2 f5 25. Bb3 Qf6 26. Rd1 Be6 27. Qd6 Qf7
28. Bxe6 Qxe6 29. Qc7+ Kg8 30. Rd8 Qf7 31. Qxb8 {Source: scoresheet} 1-0

[Event "4NCL9495 2nd Season"]
[Site "Various Venues"]
[Date "1994.11.26"]
[Round "3.2"]
[White "Ansell, Simon"]
[Black "Bellin, Robert"]
[Result "1/2-1/2"]
[WhiteElo "2320"]
[BlackElo "2400"]
[PlyCount "44"]
[EventDate "1994.10.01"]
[EventType "team-tourn"]
[EventRounds "11"]
[EventCountry "GBR"]
[SourceTitle "BritBase 17May2020"]
[SourceDate "2020.05.17"]
[SourceVersionDate "2020.05.17"]
[WhiteTeam "Witney"]
[BlackTeam "BCM"]
[WhiteTeamCountry "ENG"]
[BlackTeamCountry "ENG"]

1. e4 e5 2. Nf3 Nc6 3. Bc4 Nf6 4. d3 Be7 5. O-O O-O 6. Re1 d6 7. c3 Na5 8. Bb5
a6 9. Ba4 c5 10. h3 Qc7 11. Nbd2 h6 12. Nf1 b5 13. Bc2 Re8 14. Ne3 Bf8 15. Nh2
Be6 16. Nhg4 Nd7 17. Nd5 Qb7 18. Nge3 Nb6 19. Qf3 c4 20. b4 cxb3 21. axb3 Nc6
22. b4 Ne7 1/2-1/2

[Event "4NCL9495 2nd Season"]
[Site "Various Venues"]
[Date "1994.11.26"]
[Round "3.3"]
[White "Cafferty, Bernard"]
[Black "Brooks, Phil J"]
[Result "1/2-1/2"]
[WhiteElo "2290"]
[BlackElo "2240"]
[PlyCount "43"]
[EventDate "1994.10.01"]
[EventType "team-tourn"]
[EventRounds "11"]
[EventCountry "GBR"]
[SourceTitle "BritBase"]
[SourceDate "2020.05.17"]
[SourceVersion "1"]
[SourceVersionDate "2020.05.17"]
[SourceQuality "1"]
[WhiteTeam "BCM"]
[BlackTeam "Witney"]
[WhiteTeamCountry "ENG"]
[BlackTeamCountry "ENG"]

1. Nf3 e6 2. g3 d5 3. Bg2 Nf6 4. O-O Be7 5. d3 c5 6. Nbd2 Nc6 7. e4 b6 8. Re1
Bb7 9. Qe2 Qc7 10. c3 h6 11. a3 Ba6 12. e5 Nd7 13. c4 dxc4 14. Nxc4 O-O 15. h4
Rad8 16. Bf4 b5 17. Ncd2 Nb6 18. Ne4 Nd5 19. Red1 Nxf4 20. gxf4 Nd4 21. Nxd4
Rxd4 22. Rac1 {Source: Cafferty scoresheet} 1/2-1/2

[Event "4NCL9495 2nd Season"]
[Site "Various Venues"]
[Date "1994.11.26"]
[Round "3.4"]
[White "Cobb, Charles"]
[Black "Bellin, Jana"]
[Result "1-0"]
[WhiteElo "2170"]
[BlackElo "2210"]
[PlyCount "37"]
[EventDate "1994.10.01"]
[EventType "team-tourn"]
[EventRounds "11"]
[EventCountry "GBR"]
[SourceTitle "BritBase"]
[SourceDate "2020.05.17"]
[SourceVersion "1"]
[SourceVersionDate "2020.05.17"]
[SourceQuality "1"]
[WhiteTeam "Witney"]
[BlackTeam "BCM"]
[WhiteTeamCountry "ENG"]
[BlackTeamCountry "ENG"]

1. e4 c5 2. c3 e6 3. d4 d5 4. e5 Nc6 5. Nf3 Qb6 6. Be2 Nh6 7. Bxh6 Qxb2 8. Be3
Qxa1 9. Qc2 cxd4 10. Nxd4 Nxd4 11. Bxd4 Ba3 12. Bb5+ Kd8 13. O-O Qb2 14. Qa4 a6
15. Nxa3 Kc7 16. Rb1 Qxa2 17. Qa5+ Kb8 18. Qb6 Qxa3 19. Bc5 1-0

[Event "4NCL9495 2nd Season"]
[Site "Various Venues"]
[Date "1994.11.26"]
[Round "3.5"]
[White "Edwards, Raymond B"]
[Black "Haydon, Richard"]
[Result "1/2-1/2"]
[WhiteElo "2125"]
[BlackElo "2190"]
[PlyCount "72"]
[EventDate "1994.10.01"]
[EventType "team-tourn"]
[EventRounds "11"]
[EventCountry "GBR"]
[SourceTitle "BritBase 17May2020"]
[SourceDate "2020.05.17"]
[SourceVersionDate "2020.05.17"]
[WhiteTeam "BCM"]
[BlackTeam "Witney"]
[WhiteTeamCountry "ENG"]
[BlackTeamCountry "ENG"]

1. d4 g6 2. e4 Bg7 3. Nc3 d6 4. g3 Nf6 5. Bg2 O-O 6. Nge2 Nbd7 7. O-O c5 8. h3
cxd4 9. Nxd4 a6 10. a4 Qc7 11. Re1 e5 12. Nb3 b6 13. Bg5 Bb7 14. Qd2 Rfc8 15.
Rac1 Bc6 16. Red1 Bf8 17. Qe2 h6 18. Be3 Qb7 19. Nd2 b5 20. axb5 axb5 21. b4 d5
22. exd5 Nxd5 23. Nxd5 Bxd5 24. Bxd5 Qxd5 25. c4 bxc4 26. Nxc4 Qe6 27. Kh2 Bxb4
28. Bxh6 Rc7 29. Ne3 Rxc1 30. Rxc1 Nf6 31. Rc4 Be7 32. Qc2 Kh7 33. Bg5 Rd8 34.
Rc6 Rd6 35. Rxd6 Qxd6 36. Bxf6 Bxf6 1/2-1/2

[Event "4NCL9495 2nd Season"]
[Site "Various Venues"]
[Date "1994.11.26"]
[Round "3.6"]
[White "Headlong, Timothy"]
[Black "Anderton, David W"]
[Result "1-0"]
[WhiteElo "2195"]
[BlackElo "2230"]
[PlyCount "97"]
[EventDate "1994.10.01"]
[EventType "team-tourn"]
[EventRounds "11"]
[EventCountry "GBR"]
[SourceTitle "BritBase 17May2020"]
[SourceDate "2020.05.17"]
[SourceVersionDate "2020.05.17"]
[WhiteTeam "Witney"]
[BlackTeam "BCM"]
[WhiteTeamCountry "ENG"]
[BlackTeamCountry "ENG"]

1. Nf3 f5 2. d4 Nf6 3. g3 g6 4. b3 Bg7 5. Bb2 O-O 6. Bg2 d6 7. O-O Qe8 8. Nbd2
Na6 9. Re1 h6 10. e4 Nxe4 11. Nxe4 fxe4 12. Rxe4 g5 13. Qe2 Bf6 14. c4 Qg6 15.
Ne1 Qg7 16. g4 c5 17. Rd1 cxd4 18. Bxd4 e5 19. Bb2 Nc5 20. Rxd6 Nxe4 21. Qxe4
Re8 22. Nc2 Be6 23. Ne3 Rad8 24. c5 Rxd6 25. cxd6 Rd8 26. Ba3 Rd7 27. Nd5 Bxd5
28. Qxd5+ Kh8 29. Be4 Qf7 30. Qxf7 Rxf7 31. Bf5 Kg7 32. Kg2 Bd8 33. Kf3 h5 34.
h3 hxg4+ 35. hxg4 Kf6 36. Ke4 Rf8 37. Bb2 Re8 38. Bd7 Rf8 39. Bxe5+ Kg6 40.
Bf5+ Kh6 41. Kd5 Re8 42. d7 Rxe5+ 43. Kxe5 Kg7 44. Ke6 a5 45. a3 Kf8 46. Be4 b6
47. Bd5 Bc7 48. Bc4 Kg7 49. Ke7 1-0

[Event "4NCL9495 2nd Season"]
[Site "Various Venues"]
[Date "1994.11.26"]
[Round "3.7"]
[White "Lauterbach, Ingrid"]
[Black "Truran, Michael C"]
[Result "0-1"]
[WhiteElo "2145"]
[BlackElo "2220"]
[PlyCount "146"]
[EventDate "1994.10.01"]
[EventType "team-tourn"]
[EventRounds "11"]
[EventCountry "GBR"]
[SourceTitle "BritBase 17May2020"]
[SourceDate "2020.05.17"]
[SourceVersionDate "2020.05.17"]
[WhiteTeam "BCM"]
[BlackTeam "Witney"]
[WhiteTeamCountry "ENG"]
[BlackTeamCountry "ENG"]

1. e4 c5 2. Nf3 d6 3. d4 cxd4 4. Qxd4 Nc6 5. Bb5 Bd7 6. Bxc6 bxc6 7. c4 Qb6 8.
Nc3 Qxd4 9. Nxd4 g6 10. Be3 Bg7 11. f3 f5 12. exf5 gxf5 13. Nde2 c5 14. Rd1 Nf6
15. b3 Kf7 16. Nd5 Nxd5 17. Rxd5 a5 18. Rd3 a4 19. O-O axb3 20. axb3 Bc6 21.
Rb1 Rhb8 22. Bd2 Ra3 23. Kf1 Ba4 24. Nc1 Bd4 25. Ke2 Bd7 26. b4 Rxd3 27. Kxd3
f4 28. Kc2 Bf5+ 29. Nd3 d5 30. Bxf4 e5 31. g4 dxc4 32. gxf5 cxd3+ 33. Kxd3 exf4
34. b5 Ke7 35. Ke4 Kd6 36. h4 Be3 37. Rd1+ Ke7 38. Rb1 Kd6 39. Rd1+ Ke7 40. Rb1
c4 41. Rb4 Kd6 42. Rxc4 Rxb5 43. Ra4 Re5+ 44. Kd3 Rd5+ 45. Ke4 Re5+ 46. Kd3
Rxf5 47. Ra6+ Ke5 48. Rh6 Rf7 49. Rh5+ Kf6 50. Rh6+ Kf5 51. Rh5+ Kg6 52. Rg5+
Kf6 53. Rh5 Rd7+ 54. Kc4 Kg6 55. Rg5+ Kh6 56. Rf5 Rd4+ 57. Kc3 Rd2 58. Rg5 Rf2
59. Kd3 Rxf3 60. Ke4 Rh3 61. Rg8 Rxh4 62. Kf3 Rh3+ 63. Kg2 Rh5 64. Kf3 Rg5 65.
Rc8 Rg3+ 66. Ke4 Kg5 67. Rd8 h5 68. Rd1 h4 69. Rd8 Kg4 70. Rg8+ Kh3 71. Rh8 Rg2
72. Kd3 Kg3 73. Ke4 h3 0-1

[Event "4NCL9495 2nd Season"]
[Site "Various Venues"]
[Date "1994.11.26"]
[Round "3.1"]
[White "Webster, Andrew"]
[Black "Pritchett, Craig William"]
[Result "0-1"]
[WhiteElo "2410"]
[BlackElo "2345"]
[PlyCount "70"]
[EventDate "1994.10.01"]
[EventType "team-tourn"]
[EventRounds "11"]
[EventCountry "GBR"]
[SourceTitle "BritBase"]
[SourceDate "2020.05.17"]
[SourceVersion "1"]
[SourceVersionDate "2020.05.17"]
[SourceQuality "1"]
[WhiteTeam "Midland Monarchs"]
[BlackTeam "Barbican"]
[WhiteTeamCountry "ENG"]
[BlackTeamCountry "ENG"]

1. c4 e5 2. g3 Nc6 3. Bg2 g6 4. Nc3 Bg7 5. Rb1 f5 6. d3 Nf6 7. b4 O-O 8. Nf3 d6
9. b5 Ne7 10. Qb3 Kh8 11. c5 h6 12. cxd6 cxd6 13. O-O g5 14. Ba3 f4 15. Qb4 Nf5
16. Ne4 a5 17. Qb2 g4 18. Nfd2 Ne8 19. Rfe1 Be6 20. e3 f3 21. Bf1 Rf7 22. b6 h5
23. Nc4 h4 24. Qb5 hxg3 25. hxg3 d5 26. Nc5 Nxg3 27. Nxe5 Bxe5 28. Bb2 Qf6 29.
e4 Rh7 30. Bg2 fxg2 31. Bxe5 Qxe5 32. Nxe6 Ne2+ 33. Kxg2 Qh2+ 34. Kf1 Nc3 35.
Qc5 Qh1# 0-1

[Event "4NCL9495 2nd Season"]
[Site "Various Venues"]
[Date "1994.11.26"]
[Round "3.2"]
[White "Duncan, Christopher R"]
[Black "Ledger, Andrew"]
[Result "1/2-1/2"]
[WhiteElo "2310"]
[BlackElo "2410"]
[PlyCount "67"]
[EventDate "1994.10.01"]
[EventType "team-tourn"]
[EventRounds "11"]
[EventCountry "GBR"]
[SourceTitle "BritBase 17May2020"]
[SourceDate "2020.05.17"]
[SourceVersionDate "2020.05.17"]
[WhiteTeam "Barbican"]
[BlackTeam "Midland Monarchs"]
[WhiteTeamCountry "ENG"]
[BlackTeamCountry "ENG"]

1. e4 c6 2. d4 d5 3. Nc3 dxe4 4. Nxe4 Nd7 5. Bc4 Ngf6 6. Nxf6+ Nxf6 7. c3 Qc7
8. Qe2 Bf5 9. Nf3 e6 10. O-O Bd6 11. Ne5 O-O 12. h3 h6 13. Ng4 Qe7 14. Nxf6+
Qxf6 15. Re1 Rfe8 16. Qf3 Qh4 17. Bf1 Rad8 18. g3 Qe7 19. Bf4 Bxf4 20. Qxf4 Rd5
21. Re5 Qd7 22. Bg2 f6 23. Re2 Ra5 24. Qd2 Rd8 25. Qe1 Kf7 26. b3 b6 27. Rd1
Qc8 28. c4 Rd6 29. Qc3 e5 30. Kh2 Be6 31. Rdd2 exd4 32. Rxd4 Rxd4 33. Qxd4 Qd7
34. Qxd7+ 1/2-1/2

[Event "4NCL9495 2nd Season"]
[Site "Various Venues"]
[Date "1994.11.26"]
[Round "3.3"]
[White "Ferguson, Mark"]
[Black "Piper, Matthew"]
[Result "1/2-1/2"]
[WhiteElo "2370"]
[BlackElo "2285"]
[PlyCount "71"]
[EventDate "1994.10.01"]
[EventType "team-tourn"]
[EventRounds "11"]
[EventCountry "GBR"]
[SourceTitle "BritBase 17May2020"]
[SourceDate "2020.05.17"]
[SourceVersionDate "2020.05.17"]
[WhiteTeam "Midland Monarchs"]
[BlackTeam "Barbican"]
[WhiteTeamCountry "ENG"]
[BlackTeamCountry "ENG"]

1. e4 e5 2. Nf3 Nc6 3. Nc3 Nf6 4. Bb5 a6 5. Bxc6 dxc6 6. Nxe5 Nxe4 7. Nxe4 Qd4
8. O-O Qxe5 9. d4 Qf5 10. Re1 Be6 11. Bg5 Bd6 12. Bh4 Qg6 13. c3 O-O 14. Nxd6
cxd6 15. Bg3 Rfe8 16. Qd2 Bd5 17. b3 b5 18. Re3 h5 19. h4 Re4 20. Rxe4 Qxe4 21.
f3 Qg6 22. Kh2 Re8 23. Rc1 Qf6 24. c4 bxc4 25. bxc4 Be6 26. Re1 Rc8 27. d5 cxd5
28. cxd5 Bd7 29. Rc1 Re8 30. a3 Bb5 31. Qf4 Qxf4 32. Bxf4 Kh7 33. Rd1 Bc4 34.
Rd4 Bb3 35. Rd3 Bc4 36. Rd4 1/2-1/2

[Event "4NCL9495 2nd Season"]
[Site "Various Venues"]
[Date "1994.11.26"]
[Round "3.4"]
[White "Kenworthy, Gary"]
[Black "Buckley, Graeme"]
[Result "0-1"]
[WhiteElo "2290"]
[BlackElo "2310"]
[PlyCount "62"]
[EventDate "1994.10.01"]
[EventType "team-tourn"]
[EventRounds "11"]
[EventCountry "GBR"]
[SourceTitle "BritBase 17May2020"]
[SourceDate "2020.05.17"]
[SourceVersionDate "2020.05.17"]
[WhiteTeam "Barbican"]
[BlackTeam "Midland Monarchs"]
[WhiteTeamCountry "ENG"]
[BlackTeamCountry "ENG"]

1. e4 Nc6 2. d4 d5 3. Nc3 dxe4 4. d5 Ne5 5. Bf4 Ng6 6. Bg3 f5 7. Nh3 c6 8. Bc4
Nf6 9. dxc6 Qxd1+ 10. Rxd1 bxc6 11. Ng5 e6 12. Bxe6 Bb4 13. Bd6 Bxc3+ 14. bxc3
Bxe6 15. Nxe6 Kf7 16. Ng5+ Kg8 17. c4 Re8 18. O-O h6 19. Nh3 Kh7 20. Rd4 Re6
21. c5 Rd8 22. Ra4 Rd7 23. Ra6 Nd5 24. Rxc6 Nge7 25. Ra6 g5 26. c4 Nb4 27. Ra4
Nd3 28. Rb1 f4 29. g4 Nc6 30. f3 e3 31. Ra3 Ncb4 0-1